| 000 | 00748nam a22002537a 4500 | ||
|---|---|---|---|
| 001 | BR8306408 | ||
| 003 | BR-BrBNA | ||
| 005 | 20230928091828.0 | ||
| 007 | ta | ||
| 008 | 230509b bl.||||| |||| 00| 0 por d | ||
| 040 |
_aBR-BrBNA _bpor _cBiblioteca Nacional de Agricultura |
||
| 041 | _a(Por) | ||
| 072 |
_aP05 _b/G514 |
||
| 090 | _ P05 BR8306408 | ||
| 100 | 1 | _aTorres, C. da C. | |
| 245 | 1 | _aContribuicao ao estudo do problema energetico nordestino | |
| 260 | 3 |
_aJoao Pessoa, PB (Brasil): _bEd. Universitaria, _c1983. |
|
| 300 | _a95 p. | ||
| 500 | _a(*) Documento disponível no(a) CEAGRI, Joao Pessoa, PB (Brazil) | ||
| 650 | _aRECURSO ENERGETICO | ||
| 650 | _aREGIAO NORDESTE | ||
| 909 |
_a202309 _bLucia _c55 _dLucia Elande |
||
| 942 | _cBK | ||
| 999 |
_c35755 _d35755 |
||